Statistics for Top 10 Attack on Titan Quotes According to The Top Tens

Click here to take the quiz!

General Stats

  • This quiz has been taken 169 times
  • The average score is 5 of 10

Answer Stats

Trait to Help you :DCharacter% Correct
Cold , Silent , OverprotectiveMikasa Ackerman
91%
EYEBROWSErwin Smith
75%
Smart , Coconut ( my lil' cinnamon bun )Armin Arlert
70%
Titan Crazy , Four Eye'sHanji Zoe
68%
Angry ( idk i looked it up )Eren Jaeger
60%
Horse ,Jealous ( of Eren duuuh )Jean Kirstein
51%
Quiet, Mysterious , Secretive ( i hate her personally )Annie Leonhart
50%
( Easy ) Potato Girl FoodieSasha Blouse
42%
Colossal Titan ( SPOILERS )Bertolt Hoover
38%
EmotionlessLevi/ Heichou/ Rivaille
1%

Score Distribution

Percentile by Number Answered

Percent of People with Each Score

Your Score History

You have not taken this quiz